000 00653nam a2200241Ia 4500
003 OSt
005 20220918180222.0
006 a|||||r|||| 00| 0
007 ta
008 220917b |||||||| |||| 00| 0 eng d
024 _a21,197
037 _cTextual
040 _aARTS
_cARTS
_beng
041 _2eng
_aeng
082 _aO111,3M12,27, K2
100 _aDickens Charles
_911511
245 0 _aTale of two cities Charles Dickens
260 _aNew York
_bCollier Books USA
_c1962
300 _a349p.
_ccm.
650 _aENGLISH LITERATURE
942 _hO111,3M12,27, K2
_cTEXL
_2CC
999 _c160756
_d160756